| Tag |
First Indicator |
Second Indicator |
Subfields |
| LEADER |
00000cam a2200000 a 4500 |
| 001 |
in00004475310 |
| 005 |
20220826142304.4 |
| 008 |
900703s1991 paua b 001 ||eng c |
| 010 |
|
|
|a 90008867
|
| 019 |
|
|
|a 22008270
|
| 020 |
|
|
|a 0721622267
|
| 035 |
|
|
|a (OCoLC)22112418
|
| 035 |
|
|
|9 AAE3672MS
|
| 035 |
|
|
|z (UtOrBLW)14223
|
| 035 |
|
|
|a 25001
|
| 040 |
|
|
|a DNLM/DLC
|c DLC
|d AGL
|d OCL
|d NLM
|d UtOrBLW
|
| 049 |
|
|
|a TMVM
|c 1
|c 2
|
| 050 |
0 |
0 |
|a SF985
|b .C65 1991
|
| 060 |
|
4 |
|a SF 985
|b C758 1991
|
| 245 |
0 |
0 |
|a Consultations in feline internal medicine /
|c [edited by] John R. August.
|
| 250 |
|
|
|a First edition.
|
| 264 |
|
1 |
|a Philadelphia :
|b Saunders,
|c 1991.
|
| 300 |
|
|
|a xviii, 610 pages :
|b illustrations ;
|c 29 cm.
|
| 336 |
|
|
|a text
|2 rdacontent
|b txt
|
| 337 |
|
|
|a unmediated
|2 rdamedia
|
| 338 |
|
|
|a volume
|2 rdacarrier
|b nc
|
| 504 |
|
|
|a Includes bibliographical references and index.
|
| 650 |
|
2 |
|a Cat Diseases.
|
| 700 |
1 |
|
|a August, John R.
|
| 999 |
|
|
|a MARS
|
| 999 |
f |
f |
|s 3013f333-e19e-337f-bf70-347e8347d024
|i 884949a8-e9c6-3203-8faa-eb985ad89632
|t 0
|
| 952 |
f |
f |
|p preservation
|a Texas A&M University
|b J.J. Pickle Campus
|c High Density Repository
|d Remote Storage
|t 0
|e SF 985 C758 1991
|h National Library of Medicine classification
|i unmediated -- volume
|m 323890097616B
|
| 998 |
f |
f |
|a SF 985 C758 1991
|t 0
|l Remote Storage
|